000
00303nam a22001457a 4500
020
_a
0-7214-0657-2
082
_a
3491
_b
JOH/L
100
_a
JOHN
100
_a
PAUL DOROTHY
245
_a
LADY BIRD SCIENCE LIGHT
260
_a
ENGLAND
_b
LADYBIRD
300
_a
51
650
_a
ENGLISH STORY
942
_c
BK
999
_c
1904
_d
1904